00584nam a2200205Ia 450000500170000000800410001702000150005808200130007310000140008624500420010026000530014230000180019565000120021365000130022565000130023865000110025194200060026295200950026899900150036320240731011633.0240331s9999 xx 000 0 und d a8120810163 bPANa294 aPande,G.C 0aStudent in the :borigins of Buddhism aNew DelhibMotilal Banarsidass Publishersc1995 axvi, 604 p ., aHistory aBuddhism aCultural aSocial cL 001040708LaWERCLbWERCLcSSCd2024-03-31l0o 294 PANp6387r2024-03-31w2024-03-31yL c4506d4506